|
|
|
|
| LEADER |
00000nam0a2200000 4500 |
| 001 |
160707 |
| 005 |
20231101222215.0 |
| 010 |
|
|
|a 9785370013041
|
| 035 |
|
|
|a (RuTPU)RU\TPU\book\174290
|
| 090 |
|
|
|a 160707
|
| 100 |
|
|
|a 20090527d2010 m y0rusy50 ca
|
| 101 |
0 |
|
|a rus
|
| 102 |
|
|
|a RU
|
| 105 |
|
|
|a a j 001zy
|
| 200 |
1 |
|
|a Учет и анализ банкротств
|e учебник для вузов
|f Г. В. Федорова
|
| 210 |
|
|
|a Москва
|c Омега-Л
|d 2010
|
| 215 |
|
|
|a 284 с.
|c ил.
|
| 225 |
1 |
|
|a Высшее финансовое образование
|
| 320 |
|
|
|a Библиогр.: с. 282-284.
|
| 330 |
|
|
|a Учебник призван помочь преподавателям и студентам в освоении дисциплины «Учет и анализ банкротств» по специальностям «Бухгалтерский учет, анализ и аудит», «Финансы и кредит», «Налоги и налогообложение». Материалы, представленные в нем, позволят изучить теоретические и практические аспекты бухгалтерского учета и финансового анализа неплатежеспособных организаций в Российской Федерации при осуществлении процедур банкротства или реорганизации.
|
| 606 |
1 |
|
|a Банкротство
|x Финансы
|2 stltpush
|3 (RuTPU)RU\TPU\subj\28054
|9 51664
|
| 606 |
1 |
|
|a Экономический анализ
|2 stltpush
|3 (RuTPU)RU\TPU\subj\37444
|
| 606 |
1 |
|
|a Бухгалтерский учет
|2 stltpush
|3 (RuTPU)RU\TPU\subj\30744
|9 53805
|
| 610 |
1 |
|
|a экономика
|
| 610 |
1 |
|
|a предприятия
|
| 610 |
1 |
|
|a финансы
|
| 610 |
1 |
|
|a финансовый анализ
|
| 610 |
1 |
|
|a несостоятельность
|
| 610 |
1 |
|
|a Россия
|
| 610 |
1 |
|
|a зарубежный опыт
|
| 610 |
1 |
|
|a правовые вопросы
|
| 610 |
1 |
|
|a санация
|
| 610 |
1 |
|
|a реография
|
| 610 |
1 |
|
|a неплатежеспособность
|
| 610 |
1 |
|
|a государственная поддержка
|
| 610 |
1 |
|
|a финансовое оздоровление
|
| 610 |
1 |
|
|a временное управление
|
| 610 |
1 |
|
|a временные управляющие
|
| 610 |
1 |
|
|a кредиторы
|
| 610 |
1 |
|
|a конкурсное производство
|
| 610 |
1 |
|
|a ликвидационные балансы
|
| 610 |
1 |
|
|a бухгалтерский учет
|
| 610 |
1 |
|
|a учебники
|
| 675 |
|
|
|a 657.22(075.8)
|v 3
|
| 686 |
|
|
|a У053я73
|v LBC/SL-A
|2 rubbk
|
| 686 |
|
|
|a У9(2)262.20я73
|v LBC/SL-A
|2 rubbk
|
| 700 |
|
1 |
|a Федорова
|b Г. В.
|g Галина Владимировна
|
| 801 |
|
1 |
|a RU
|b 63413507
|c 20090527
|g PSBO
|
| 801 |
|
2 |
|a RU
|b 63413507
|c 20210227
|g RCR
|
| 900 |
|
|
|a Учет и анализ банкротств
|
| 900 |
|
|
|a Диагностика кризисного состояния предприятия
|
| 942 |
|
|
|c BK
|
| 951 |
|
|
|b 080105
|b 080109
|b 080107
|
| 959 |
|
|
|a 62/20090527
|d 1
|e 139,90
|f ЧЗГЛ:1
|
| 959 |
|
|
|a 27/20100423
|d 1
|e 171,90
|f АНЛ:1
|